|
|
|
|
| LEADER |
00000cam a2200000 i 4500 |
| 001 |
1/89986 |
| 008 |
930924s1989 gr | ||| |||| ||gre|| |
| 020 |
|
|
|a 9602933682
|
| 035 |
|
|
|a 1989
|b 2
|c Δωρεά
|l 10035884
|
| 040 |
|
|
|a GR-MY-UA
|b gre
|e aacr
|
| 041 |
0 |
|
|a gre
|
| 082 |
7 |
|
|a 808.0683
|2 (22)
|
| 100 |
1 |
|
|a Σαρή, Ζωρζ,
|d 1925-2012.
|
| 245 |
1 |
3 |
|a Το τράκ :
|b ο φαντασμένος, ο Γιάννης ο στρατιώτης, ο στρατάρχης, το γαϊτανάκι /
|c Ζωρζ Σαρή ; εικονογράφηση: Ελπίδα Θωμοπούλου.
|
| 250 |
|
|
|a 2η εκδ.
|
| 260 |
|
|
|a Αθήνα :
|b Πατάκης,
|c 1989.
|
| 300 |
|
|
|a 172 σ. ;
|c 24 εκ.
|
| 500 |
|
|
|a Το βιβλίο αυτό περιλαμβάνει τέσσερις ιστορίες: Ο Φαντασμένος, Ο Γιάννης ο στρατιώτης, Ο Στρατάρχης και Το Γαϊτανάκι
|
| 650 |
0 |
0 |
|a Children's stories, Greek (Modern)
|
| 650 |
0 |
0 |
|a Children's plays, Greek (Modern)
|
| 650 |
0 |
0 |
|a Fairy tales.
|
| 650 |
0 |
0 |
|a Children's literature, Greek (Modern)
|
| 740 |
0 |
2 |
|a Ο Φαντασμένος
|
| 740 |
0 |
2 |
|a Ο Γιάννης ο στρατιώτης
|
| 740 |
0 |
2 |
|a Ο Στρατάρχης
|
| 740 |
0 |
2 |
|a Το Γαϊτανάκι
|
| 852 |
|
|
|a INST
|b RHODES
|e 19930924
|h 808.0683 ΣΑΡ
|p 005400003200
|q 005400003200
|t BK
|y 0
|
| 909 |
|
|
|a Ρ
|b 014796
|
| 970 |
|
|
|z 24-09-1993
|